export_success — 

HEALTH AND WELLNESS IN MOROCCO

Bibliographic Details
Format: Book
Published: London: Euromonitor International, 2017.
Series:Market report - June 2017
Subjects:
LEADER 00795cam a2200229 7i4500
001 0000034550
005 20170824090000.0
007 ##ta
008 170824s2017
040 # # |a MATR 
090 0 0 |a MORC 641.302   |b HEA 
245 0 0 |a HEALTH AND WELLNESS IN MOROCCO   |c Euromonitor International. 
264 # 1 |a London:   |b Euromonitor International,   |c 2017. 
300 # # |a v, 85 pages:   |b illustrations;   |c 30 cm. 
336 # # |a text  |2 rdacontent 
337 # # |a unmediated  |2 rdamedia 
338 # # |a volume  |2 rdacarrier 
490 0 # |a Market report - June 2017 
650 # 0 |a Health and beauty retailers --   |x Markets --   |z Morocco  
650 # 0 |a Health products --   |x Markets --   |z Morocco  
650 # 0 |a Healthy food --   |x Markets --   |z Morocco  
999 |a B000039282  |b Book  |c Countries  |e Business Information Centre